Statistics for Top 20 Countries By Covid Cases

Click here to take the quiz!

General Stats

  • This quiz has been taken 730 times
    (399 since last reset)
  • The average score is 15 of 20

Answer Stats

Country% Correct
United States
100%
United Kingdom
95%
France
93%
Italy
92%
India
91%
Russia
91%
Brazil
89%
Spain
89%
Germany
87%
Mexico
87%
Argentina
77%
Poland
69%
Turkey
67%
Colombia
65%
Indonesia
63%
Iran
61%
South Africa
61%
Peru
58%
Ukraine
55%
Netherlands
50%

Score Distribution

Percentile by Number Answered

Percent of People with Each Score

Your Score History

You have not taken this quiz since the last reset